Detalles MARC
| 000 -LEADER |
| fixed length control field |
04826nam a2200469Ii 4500 |
| 001 - CONTROL NUMBER |
| control field |
DIGUAH0035 |
| 003 - CONTROL NUMBER IDENTIFIER |
| control field |
NyNyDIG |
| 008 - FIXED-LENGTH DATA ELEMENTS--GENERAL INFORMATION |
| fixed length control field |
171207s2013 cl a ob 000 0 spa d |
| 006 - FIXED-LENGTH DATA ELEMENTS--ADDITIONAL MATERIAL CHARACTERISTICS |
| fixed length control field |
m o d |
| 007 - PHYSICAL DESCRIPTION FIXED FIELD--GENERAL INFORMATION |
| fixed length control field |
cr ||||||||||| |
| 035 ## - SYSTEM CONTROL NUMBER |
| System control number |
(OCoLC)927020477 |
| 040 ## - CATALOGING SOURCE |
| Original cataloging agency |
DGITA |
| Language of cataloging |
eng |
| Description conventions |
rda |
| -- |
pn |
| Transcribing agency |
DGITA |
| 020 ## - INTERNATIONAL STANDARD BOOK NUMBER |
| International Standard Book Number |
9789569320453 |
| Qualifying information |
(eBook) |
| 020 ## - INTERNATIONAL STANDARD BOOK NUMBER |
| International Standard Book Number |
9569320451 |
| Qualifying information |
(eBook) |
| 020 ## - INTERNATIONAL STANDARD BOOK NUMBER |
| Canceled/invalid ISBN |
9789569320446 |
| 020 ## - INTERNATIONAL STANDARD BOOK NUMBER |
| Canceled/invalid ISBN |
9569320443 |
| 043 ## - GEOGRAPHIC AREA CODE |
| Geographic area code |
s-ag--- |
| -- |
s-cl--- |
| -- |
s-pe--- |
| 050 14 - LIBRARY OF CONGRESS CALL NUMBER |
| Classification number |
PQ7551.A1 ebook |
| 245 00 - TITLE STATEMENT |
| Title |
Memorias en tinta : |
| Remainder of title |
ensayos sobre la representación de la violencia política en Argentina, Chile y Perú / |
| Statement of responsibility, etc. |
Lucero de Vivanco Roca Rey, editora. |
| 246 10 - VARYING FORM OF TITLE |
| Title proper/short title |
Ensayos sobre la representación de la violencia política en Argentina, Chile y Perú |
| 264 #1 - PRODUCTION, PUBLICATION, DISTRIBUTION, MANUFACTURE, AND COPYRIGHT NOTICE |
| Place of production, publication, distribution, manufacture |
Santiago de Chile : |
| Name of producer, publisher, distributor, manufacturer |
Ediciones Universidad Alberto Hurtado, |
| Date of production, publication, distribution, manufacture, or copyright notice |
[2013] |
| 300 ## - PHYSICAL DESCRIPTION |
| Extent |
1 online resource : |
| Other physical details |
illustrations. |
| 336 ## - CONTENT TYPE |
| Content type term |
text |
| Content type code |
txt |
| Source |
rdacontent |
| 337 ## - MEDIA TYPE |
| Media type term |
computer |
| Media type code |
c |
| Source |
rdamedia |
| 338 ## - CARRIER TYPE |
| Carrier type term |
online resource |
| Carrier type code |
cr |
| Source |
rdacarrier |
| 490 1# - SERIES STATEMENT |
| Series statement |
Colección Estudios de literatura |
| 504 ## - BIBLIOGRAPHY, ETC. NOTE |
| Bibliography, etc. note |
Includes bibliographical references. |
| 505 0# - FORMATTED CONTENTS NOTE |
| Formatted contents note |
Las memorias y la tinta / Lucero de Vivanco, Geneviève Fabry -- ¿Se puede contar? : historia, memoria y ficción en la representación de la violencia extrema / Carlos Pabón -- El trazo oblicuo : representaciones sesgadas del horror en la narrativa del Cono Sur / Ana María Amar Sánchez -- Lectofobia, desarraigo y violencia política / Jamie Villareal -- Culpables e inocentes, héroes y traidores, cómplices y espectadores : representaciones de la violencia política en Argentina desde 1980 hasta el presente / Fernando Reati -- Encrucijada entre política y ética en la obra de Luis Gusmán / Betina Keizman -- Violencia y escritura en la obra de Andrés Rivera / Fernando Moreno -- Un discurso a la deriva : digresión y violencia en Historia del llanto de Alan Pauls / María Paz Oliver -- Palabra testimonial y valor ontológico del amor en los últimos poemarios de Juan Gelman / Geneviève Fabry -- A la búsqueda de un lugar de enunciación apropiado : la década de los setenta argentinos en Historia del llano de Alan Pauls / Ilse Logie -- No-velar la historia : A viente años, Luz (Elso Osorio): el secuestro de bebés y la violencia política en Argentina / Gilda Waldman Mitnick -- Violencia política y resistencia en la obra de Sara Rosenberg : de Un hilo rojo a Contraluz / Marie Rosier -- Escenarios narrativos y memoria en literatura chilena a partir de 1973 / María Teresa Johansson -- Reflejo de la violencia política y personal en la escritura lírica brutalizada de Raúl Zurita : desde Purgatorio (1979) hasta Zurita (2011) / Benoît Santini -- Representación de la violencia en La vida doble de Arturo Fontaine / Cristián Montes Capó -- El policial en la postdictadura chilena : una relectura de El Tercer Reich de Roberto Bolaño -- Representación y goce de la violencia en Roberto Bolaño / Horst Nitschack -- Las violencias de la urbe : un repertorio inacabado / Luis Campos Medina -- Cuerpo, escritura y violencia : El cuarto mundo de Damiela Eltit y Nadie me verá llorar de Cristina Rivera Garza / Raquel Mosqueda Rivera -- "Pares-dispares" : dinámicas de simbolización de la violencia política en la literatura peruana (de 1980 al presente) / Lucero de Vivanco -- Violencia y poesía en el Perú : de la colonia a nuestros días / José Antonio Mazzotti -- Contrapunteo peruano entre el humor y la violencia / Víctor Vich -- Cartografía de los senderos que se bifurcan : breve estudio comparativo de Adiós Ayacucho y Lituma en los Andes / Víctor Quiroz -- Nación, esterilidad y utopía en Ya nadie incienda el mundo de Victoria Guerrero / Luis Fernando Chueca -- Maternidad y militancia en el PCL-SL : testimonios y representaciones / Victoria Guerrero Peirano -- Narrativas "desde adentro" en la guerra interna peruana : presentación y balance / Mark R. Cox. |
| 588 0# - SOURCE OF DESCRIPTION NOTE |
| Source of description note |
Online resource; title from PDF title page (Digitalia, viewed December 7, 2017) |
| 650 #0 - SUBJECT ADDED ENTRY--TOPICAL TERM |
| Topical term or geographic name entry element |
Political violence in literature. |
| 650 #0 - SUBJECT ADDED ENTRY--TOPICAL TERM |
| Topical term or geographic name entry element |
Spanish American literature |
| Chronological subdivision |
20th century |
| General subdivision |
History and criticism. |
| 650 #0 - SUBJECT ADDED ENTRY--TOPICAL TERM |
| Topical term or geographic name entry element |
Spanish American literature |
| Chronological subdivision |
21st century |
| General subdivision |
History and criticism. |
| 655 #0 - INDEX TERM--GENRE/FORM |
| Genre/form data or focus term |
Electronic books. |
| 700 1# - ADDED ENTRY--PERSONAL NAME |
| Personal name |
Vivanco, Lucero de, |
| Dates associated with a name |
1963- |
| Relator term |
editor. |
| 791 2# - |
| -- |
Digitalia (Firm), |
| -- |
distributor. |
| 793 0# - |
| -- |
Digitalia eBook Collection: |
| -- |
Ediciones Universidad Alberto Hurtado |
| 776 08 - ADDITIONAL PHYSICAL FORM ENTRY |
| Relationship information |
Print version: |
| Title |
Memorias en tinta. |
| Place, publisher, and date of publication |
Santiago de Chile : Ediciones Universidad Alberto Hurtado, 2013 |
| International Standard Book Number |
9789569320446 |
| Record control number |
(OCoLC)871070216 |
| 830 #0 - SERIES ADDED ENTRY--UNIFORM TITLE |
| Uniform title |
Colección Estudios de literatura. |
| 856 40 - ELECTRONIC LOCATION AND ACCESS |
| Materials specified |
Digitalia Hispánica |
| Uniform Resource Identifier |
<a href="https://www.digitaliapublishing.com/a/23721/">https://www.digitaliapublishing.com/a/23721/</a> |
| 910 ## - USER-OPTION DATA (OCLC) |
| User-option data |
Premium collection: 2017 |
| 942 ## - ADDED ENTRY ELEMENTS (KOHA) |
| Koha item type |
Recurso Electrónico |